| 000 | 00889nam a2200277 i 4500 | ||
|---|---|---|---|
| 001 | 000046805 | ||
| 003 | DO-SdBNP | ||
| 005 | 20260211082151.0 | ||
| 007 | ta | ||
| 008 | 180319s2016 dr 000 p spa d | ||
| 020 | _a9789945492774 | ||
| 040 |
_aDO-SdBNP _bspa _cBNPHU _erda |
||
| 041 | _aspa | ||
| 082 | 4 |
_axxx _bM971e _222 |
|
| 100 | 1 |
_aMuñoz, Orlando, _d1972- _eautor _4aut. _933211 |
|
| 245 | 1 | 0 |
_aEros y poiesis : _bantología temática de la poesía dominicana / _cOrlando Muñoz. |
| 264 | 4 |
_aSanto Domingo : _bEditora Nacional, _c©2016. |
|
| 300 |
_avolumen ; _c23 cm. |
||
| 336 |
_atexto _btxt _2rdacontent |
||
| 337 |
_asin mediación _bn _2rdamedia |
||
| 338 |
_avolumen _bnc _2rdacarrier |
||
| 500 | _aIncluye datos biográficos del autor en la solapa de la cubierta | ||
| 504 | _aBibliografía : páginas 367-382 | ||
| 590 | _aInventariado, 2018 /YL | ||
| 942 |
_2ddc _cLBS1 |
||
| 999 |
_c46294 _d46294 |
||